2012-13 UEFA Europa League Results - Statistics

General Stats
  • This quiz has been taken 186 times
  • The average score is 21 of 32
Answers on the Map
Answers color-coded by a green-red scale on the quiz's map according to % correct below.
 
Answer Stats
Club % Correct
🏴󠁧󠁢󠁥󠁮󠁧󠁿 Chelsea
93%
🇳🇱 Ajax
91%
🇵🇹 Benfica
91%
🏴󠁧󠁢󠁥󠁮󠁧󠁿 Tottenham Hotspur
84%
🇪🇸 Atlético Madrid
82%
🇺🇦 Dynamo Kyiv
80%
🇷🇺 Zenit St Petersburg
80%
🇨🇿 Sparta Prague
77%
🇨🇭 Basel
76%
🇮🇹 Inter Milan
75%
🇬🇷 Olympiacos
74%
🇩🇪 Bayer 04 Levekusen
71%
🏴󠁧󠁢󠁥󠁮󠁧󠁿 Liverpool
71%
🇫🇷 Lyon
69%
🇮🇹 Lazio
68%
🇮🇹 Napoli
68%
🇹🇷 Fenerbahçe
64%
🇧🇪 Genk
63%
🇷🇴 Steaua București
63%
🇧🇾 BATE Borisov
61%
🇷🇴 CFR Cluj
61%
🇫🇷 Bordeaux
58%
🇩🇪 Borussia Mönchengladbach
58%
🇺🇦 Dnipro
57%
🇨🇿 Viktoria Plzeň
56%
🏴󠁧󠁢󠁥󠁮󠁧󠁿 Newcastle United
46%
🇷🇺 Rubin Kazan
45%
🇷🇺 Anzhi Makhachkala
42%
🇩🇪 Stuttgart
41%
🇺🇦 Metalist Kharkiv
39%
🇩🇪 Hannover 96
34%
🇪🇸 Levante
32%
No matching quizzes found
Score Distribution
Percent of People with Each Score
Percentile by Number Answered
Your Score History
You have not taken this quiz